Phát triển đất nước nhanh và bền vững theo định hướng xã hội chủ nghĩa

Saved in:
Bibliographic Details
Main Author: Phan Văn Khải
Format: Book
Language:Undetermined
Published: H. CTQG 2002
Subjects:
Tags: Add Tag
No Tags, Be the first to tag this record!
Institutions: Trung tâm Học liệu Trường Đại học Cần Thơ
LEADER 00515nam a2200169Ia 4500
001 CTU_52962
008 210402s9999 xx 000 0 und d
020 |b 180000 
082 |a 335.412 
082 |b Kh103 
100 |a Phan Văn Khải 
245 0 |a Phát triển đất nước nhanh và bền vững theo định hướng xã hội chủ nghĩa 
260 |a H. 
260 |b CTQG 
260 |c 2002 
650 |a marxian economics 
980 |a Trung tâm Học liệu Trường Đại học Cần Thơ